Southville International School and Colleges
Your cart is empty.
  • Cart
  • Lists
    Public lists Eva Luna New books Lux_list list_1
    Your lists Log in to create your own lists
  • Log in to your account
  • Your cookies
  • Search history
Southville International School and Colleges
  • Advanced search
  • Recent comments
  • Most popular
  • Libraries

Log in to your account

Log in with GOOGLE


If you do not have an external account, but do have a local account, you can still log in:

  1. Home
  2. MARC view: Gods of management:
Normal view MARC view ISBD view

Gods of management: (Record no. 6939)

[ view plain ]
MARC details
000 -LEADER
fixed length control field 01262cam a2200337 a 4500
001 - CONTROL NUMBER
control field 3016413
003 - CONTROL NUMBER IDENTIFIER
control field OSt
005 - DATE AND TIME OF LATEST TRANSACTION
control field 20140310181920.0
008 - FIXED-LENGTH DATA ELEMENTS--GENERAL INFORMATION
fixed length control field 941028s1995 nyua b 001 0 eng
010 ## - LIBRARY OF CONGRESS CONTROL NUMBER
LC control number 94039967
020 ## - INTERNATIONAL STANDARD BOOK NUMBER
International Standard Book Number 0099548410
040 ## - CATALOGING SOURCE
Original cataloging agency DLC
Transcribing agency DLC
Modifying agency DLC
050 00 - LIBRARY OF CONGRESS CALL NUMBER
Classification number HD 31
Item number .H3126 2000
082 00 - DEWEY DECIMAL CLASSIFICATION NUMBER
Classification number TR 658
Item number P44 1999
100 1# - MAIN ENTRY--PERSONAL NAME
Personal name Handy, Charles B.
9 (RLIN) 1500
245 10 - TITLE STATEMENT
Title Gods of management:
Remainder of title the changing work of organizations /
Statement of responsibility, etc Charles Handy.
260 ## - PUBLICATION, DISTRIBUTION, ETC. (IMPRINT)
Place of publication, distribution, etc New York :
Name of publisher, distributor, etc Oxford University Press,
Date of publication, distribution, etc 2000
300 ## - PHYSICAL DESCRIPTION
Extent vii, 254 p. :
Other physical details ill. ;
Dimensions 22 cm.
504 ## - BIBLIOGRAPHY, ETC. NOTE
Bibliography, etc Includes bibliographical references (p. 241-244) and index.
521 ## - TARGET AUDIENCE NOTE
Target audience note
541 ## - IMMEDIATE SOURCE OF ACQUISITION NOTE
-- 1
562 ## - COPY AND VERSION IDENTIFICATION NOTE
Number of copies 1
650 #0 - SUBJECT ADDED ENTRY--TOPICAL TERM
Topical term or geographic name as entry element Management.
9 (RLIN) 446
650 #0 - SUBJECT ADDED ENTRY--TOPICAL TERM
Topical term or geographic name as entry element Organizational change
General subdivision Management.
9 (RLIN) 1501
650 #0 - SUBJECT ADDED ENTRY--TOPICAL TERM
Topical term or geographic name as entry element Corporate culture.
9 (RLIN) 1502
856 42 - ELECTRONIC LOCATION AND ACCESS
Materials specified Publisher description
Uniform Resource Identifier <a href="http://www.loc.gov/catdir/enhancements/fy0638/94039967-d.html">http://www.loc.gov/catdir/enhancements/fy0638/94039967-d.html</a>
856 42 - ELECTRONIC LOCATION AND ACCESS
Materials specified Contributor biographical information
Uniform Resource Identifier <a href="http://www.loc.gov/catdir/enhancements/fy0724/94039967-b.html">http://www.loc.gov/catdir/enhancements/fy0724/94039967-b.html</a>
906 ## - LOCAL DATA ELEMENT F, LDF (RLIN)
a 7
b cbc
c orignew
d 1
e ocip
f 19
g y-gencatlg
942 ## - ADDED ENTRY ELEMENTS (KOHA)
Source of classification or shelving scheme Library of Congress Classification
Koha item type
Call number prefix
Holdings
Withdrawn status Lost status Source of classification or shelving scheme Damaged status Home library Current library Shelving location Date acquired Total Checkouts Full call number Barcode Date last seen Copy number Price effective from Koha item type
    Library of Congress Classification   Luxembourg Library Luxembourg Library Teachers Reference Section 07/18/2013   HD 31 .H3126 2000 14876 06/21/2019 1 07/18/2013 Books

Gods of management:

APA

Handy C. B., . (2000). Gods of management. New York: Oxford University Press.

Chicago

Handy Charles B, . 2000. Gods of management. New York: Oxford University Press.

Harvard

Handy C. B., . (2000). Gods of management. New York: Oxford University Press.

MLA

Handy Charles B, . Gods of management. New York: Oxford University Press. 2000.

  • Place hold
  • Print
  • Cite
  • Add to your cart (remove)
  • Save record
    BIBTEX Dublin Core MARCXML MARC (non-Unicode/MARC-8) MARC (Unicode/UTF-8) MARC (Unicode/UTF-8, Standard) MODS (XML) RIS
  • More searches
    Search for this title in:
    Other Libraries (WorldCat) Other Databases (Google Scholar) Online Stores (Bookfinder.com) Open Library (openlibrary.org)

Exporting to Dublin Core...

SOUTHVILLE LIBRARY

Southville International School and Colleges Library

1281 Tropical Ave. Cor. Luxembourg St., BF Homes International, Las Pinas City

Tel. No. 8256374 / 252358 Loc. 117/146

Powered by Koha